La sémantique (notice n° 1567335)

détails MARC
000 -LEADER
fixed length control field 00938cam a2200133 4500500
005 - DATE AND TIME OF LATEST TRANSACTION
control field 20251214002711.0
041 ## - LANGUAGE CODE
Language code of text/sound track or separate title fre
042 ## - AUTHENTICATION CODE
Authentication code dc
100 10 - MAIN ENTRY--PERSONAL NAME
Personal name Touratier, Christian
Relator term author
245 00 - TITLE STATEMENT
Title La sémantique
260 ## - PUBLICATION, DISTRIBUTION, ETC.
Name of publisher, distributor, etc. Armand Colin,<br/>
Date of publication, distribution, etc. 2010.<br/>
520 ## - SUMMARY, ETC.
Summary, etc. Christian Touratier, agrégé de grammaire et professeur émérite de linguistique générale à l'université de Provence, a écrit des livres et des articles sur la langue française, et sur de nombreuses langues romanes, indo-européennes et non indo-européennes. 1. Définitions liminaires 2. Sémantique structurale 3. Fonctionnement et utilisation du sémème 4. Homonymie et polysémie 5. Sémantique du verbe 6. Sémantique du nom et du SN 7. Sémantique de la phrase 8. Sémantique de l’énoncé 9. Sémantique du texte 10. Sémantique et informatique
856 41 - ELECTRONIC LOCATION AND ACCESS
Uniform Resource Identifier <a href="https://shs.cairn.info/la-semantique--9782200250089?lang=fr&redirect-ssocas=7080">https://shs.cairn.info/la-semantique--9782200250089?lang=fr&redirect-ssocas=7080</a>

Pas d'exemplaire disponible.

PLUDOC

PLUDOC est la plateforme unique et centralisée de gestion des bibliothèques physiques et numériques de Guinée administré par le CEDUST. Elle est la plus grande base de données de ressources documentaires pour les Étudiants, Enseignants chercheurs et Chercheurs de Guinée.

Adresse

627 919 101/664 919 101

25 boulevard du commerce
Kaloum, Conakry, Guinée

Réseaux sociaux

Powered by Netsen Group @ 2025